Trend práce pro příští desetiletí: partnerství lidí a strojů

Vyššia kooperácia medzi ľuďmi a strojmi. Umelá inteligencia, strojové učenie, rozšírená realita. Internet vecí a cloud cmputing. Kľúčové zmeny a trendy.

Salvato in:
Dettagli Bibliografici
Natura: Capitolo di libro
Lingua:ceco
Soggetti:
Tags: Aggiungi Tag
Nessun Tag, puoi essere il primo ad aggiungerne!!

MARC

LEADER 00000naa a2200000 4500
001 0240764
005 20180301091348.7
041 0 |a cze 
044 |a CZ 
245 1 0 |a Trend práce pro příští desetiletí: partnerství lidí a strojů 
520 |a Vyššia kooperácia medzi ľuďmi a strojmi. Umelá inteligencia, strojové učenie, rozšírená realita. Internet vecí a cloud cmputing. Kľúčové zmeny a trendy. 
610 2 0 |a riadenie ľudských zdrojov 
610 2 0 |a zdroje ľudské 
610 2 0 |a cloud computing 
610 2 0 |a človek-počítač 
610 2 0 |a internet 
610 2 0 |a technológie nové 
610 2 0 |a technológie znalostné